000 00533nam a2200205Ia 4500
003 OSt
005 20230223093748.0
008 210210b2009 xxu||||| |||| 00| 0 eng d
020 _a8188575704
040 _cAL
041 _aeng
082 _a820.33 SINI
100 _aSINGH (Ravinder)
_972941
245 _aI too had a love story: a heartbreaking true love tale
260 _aNew Delhi
_bSrishti book distributors
_c2009
300 _ax,213
690 _aIndian English Fiction
_972951
906 _a066676
942 _2ddc
_cBK
999 _c149153
_d149153